000
00216nam a22000857a 4500
008
170327b xxu||||| |||| 00| 0 eng d
100
_9
3041
_a
Aggarwal.M.L.
245
_a
Manual Mathematics-X
260
_a
New Delhi
_b
APC
_c
2010
999
_c
6300
_d
6300